| 000 | 01181cam a2200301Ii 4500 | ||
|---|---|---|---|
| 999 |
_c200448038 _d66250 |
||
| 001 | 200448038 | ||
| 003 | TR-AnTOB | ||
| 005 | 20230412170708.0 | ||
| 007 | ta | ||
| 008 | 761206s1974 fr a d 000 0 eng d | ||
| 035 | _a(TR-AnTOB)200448038 | ||
| 040 |
_aAKR _beng _erda _cAKR _dOCLCQ _dOCLCG _dTR-AnTOB |
||
| 041 | 0 | _afre | |
| 050 | 4 |
_aAG25 _b.L372 1974 |
|
| 090 |
_aAG25 _b.L372 1974 |
||
| 100 | 1 |
_aLarousse, Pierre, _d1817-1875 _9134131 |
|
| 245 | 1 | 0 |
_aPetit Larousse, illustré : _bdictionnaire encyclopédique pour tous : 71,000 articles, 5,535 illustrations en noir, 215 cartes en noir, 56 pages en couleurs dont 26 hors-texte cartographiques, et un atlas en couleurs à la fin de l'ouvrage. |
| 264 | 1 |
_aParis : _bLibrairie Larousse, _c1974. |
|
| 300 |
_a1092, xvi, [1093]-1790 pages : _billustrations, maps (part folded, part color), color plates, portraits ; _c21 cm |
||
| 336 |
_atext _btxt _2rdacontent |
||
| 337 |
_aunmediated _bn _2rdamedia |
||
| 338 |
_avolume _bnc _2rdacarrier |
||
| 650 | 0 |
_aEncyclopedias and dictionaries, French _932188 |
|
| 650 | 0 |
_aFrench language _vDictionaries _961654 |
|
| 942 |
_2lcc _cBK |
||